02427nam a2200445 a 4500001001200000003000800012006001900020007001500039008004100054010001700095020003700112020003400149020002700183040002100210035002100231043003000252050002500282082002200307100002300329245012000352260004800472300001600520504005100536505039400587520029700981533015201278600001701430610003901447650003701486650005301523650004001576650004701616650004101663651004401704651004401748655002901792710001701821856012601838999001701964ebr10579390CaPaEBRm u cr cn|||||||||100430s2010 ctu sb 001 0beng d z 2010017515 z9780300156768 (cloth alk. paper) z0300156766 (cloth alk. paper) z9780300156782 (e-book) aCaPaEBRcCaPaEBR a(OCoLC)808346532 an-us---an-us-paae-ur---14aE748.G63bH67 2010eb04a327.1/2092aB2221 aHornblum, Allen M.14aThe invisible Harry Goldh[electronic resource] :bthe man who gave the Soviets the atom bomb /cAllen M. Hornblum. aNew Haven :bYale University Press,cc2010. axiv, 446 p. aIncludes bibliographical references and index.0 apt. 1. The spy -- South Philadelphia -- A debt repaid -- The novice spy -- The evolution of a secret agent -- Semenov, Slack, and Brothman -- Dr. Klaus Fuchs -- The Los Alamos papers -- The postwar years -- The hunt for Raymond -- The fatal words -- pt. 2. The prisoner -- Conversion -- To make amends -- Prisoner 19312-NE -- State of mind -- The campaign for parole -- Return -- Epilogue. aA gripping account of the man who gave the USSR the plans for the atom bomb. The subject of the most intensive public manhunt in the history of the FBI, Gold was arrested in May 1950. His confession revealed scores of contacts, and his testimony in the trial of the Rosenbergs proved pivotal. aElectronic reproduction.bPalo Alto, Calif. :cebrary,d2011.nAvailable via World Wide Web.nAccess may be limited to ebrary affiliated libraries.10aGold, Harry.20aManhattan Project (U.S.)xHistory. 0aSpieszUnited StatesvBiography. 0aChemistszPennsylvaniazPhiladelphiavBiography. 0aPrisonerszPennsylvaniavBiography. 0aEspionage, SovietzUnited StatesxHistory. 0aAtomic bombzUnited StatesxHistory. 0aSoviet UnionxRelationszUnited States. 0aUnited StatesxRelationszSoviet Union. 7aElectronic books.2local2 aebrary, Inc.40uhttp://site.ebrary.com/lib/rucke/Doc?id=10579390zAn electronic book accessible through the World Wide Web; click to view c85856d85856